8051 Microcontroller/ (Record no. 36381)
[ view plain ]
| 000 -LEADER | |
|---|---|
| fixed length control field | 00544nam a22001937a 4500 |
| 005 - DATE AND TIME OF LATEST TRANSACTION | |
| control field | 20240812123005.0 |
| 008 - FIXED-LENGTH DATA ELEMENTS--GENERAL INFORMATION | |
| fixed length control field | 240812b |||||||| |||| 00| 0 eng d |
| 020 ## - INTERNATIONAL STANDARD BOOK NUMBER | |
| ISBN | 978-81-317-2108-9 |
| 082 ## - DEWEY DECIMAL CLASSIFICATION NUMBER | |
| Classification number | 004.165 |
| Item number | MAC-M |
| 100 ## - MAIN ENTRY--AUTHOR | |
| Author Name | Mackenzie, I. Scott |
| 245 ## - TITLE STATEMENT | |
| Title | 8051 Microcontroller/ |
| Statement of responsibility, etc. | by I. Scott Mackenzie, Raphael C. W. Phan |
| 250 ## - EDITION STATEMENT | |
| Edition statement | 4th ed. |
| 260 ## - PUBLICATION, DISTRIBUTION, ETC. | |
| Place of Publication | India : |
| Name of publisher, distributor, etc. | Pearsons ; |
| Date of publication, distribution, etc. | 2007 |
| 300 ## - PHYSICAL DESCRIPTION | |
| Pages | 551 p. : |
| 500 ## - GENERAL NOTE | |
| General note | Include Index. |
| 650 ## - SUBJECT ADDED ENTRY--TOPICAL TERM | |
| Subject / Department | Electrical/Engineering |
| 700 ## - ADDED ENTRY--PERSONAL NAME | |
| Personal name | Phan, Raphael C.W |
| 300 ## - PHYSICAL DESCRIPTION | |
| -- | 23 cm. |
| 952 ## - LOCATION AND ITEM INFORMATION (KOHA) | |
| -- | 0 |
| -- | 0 |
| 952 ## - LOCATION AND ITEM INFORMATION (KOHA) | |
| -- | 0 |
| -- | 0 |
| 952 ## - LOCATION AND ITEM INFORMATION (KOHA) | |
| -- | 0 |
| -- | 0 |
| 952 ## - LOCATION AND ITEM INFORMATION (KOHA) | |
| -- | 0 |
| -- | 0 |
| 952 ## - LOCATION AND ITEM INFORMATION (KOHA) | |
| -- | 0 |
| -- | 0 |
| Lost status | Damaged status | Collection code | Permanent Location | Current Location | Shelving Location | Date acquired | Full Call Number | Accession No./Barcode | Date last seen | Copy number | item type | Koha item type |
|---|---|---|---|---|---|---|---|---|---|---|---|---|
| Engineering | Superior Information Resource Center (SIRC) Superior University- Gold Campus | Superior Information Resource Center (SIRC) Superior University- Gold Campus | Electrical | 08/12/2024 | 004.165 MAC-M 2008 | 8489 | 08/12/2024 | 1 | BOOK | BOOK | ||
| Engineering | Superior Information Resource Center (SIRC) Superior University- Gold Campus | Superior Information Resource Center (SIRC) Superior University- Gold Campus | Electrical | 08/12/2024 | 004.165 MAC-M 2008 | 8491 | 08/12/2024 | 2 | BOOK | BOOK | ||
| Engineering | Superior Information Resource Center (SIRC) Superior University- Gold Campus | Superior Information Resource Center (SIRC) Superior University- Gold Campus | Electrical | 08/12/2024 | 004.165 MAC-M 2008 | 8492 | 08/12/2024 | 3 | BOOK | BOOK | ||
| Engineering | Superior Information Resource Center (SIRC) Superior University- Gold Campus | Superior Information Resource Center (SIRC) Superior University- Gold Campus | Electrical | 08/12/2024 | 004.165 MAC-M 2008 | 8493 | 08/12/2024 | 4 | BOOK | BOOK | ||
| Engineering | Superior Information Resource Center (SIRC) Superior University- Gold Campus | Superior Information Resource Center (SIRC) Superior University- Gold Campus | Electrical | 08/12/2024 | 004.165 MAC-M 2008 | 8735 | 08/12/2024 | 5 | BOOK | BOOK |
